000 00666cam a22001934a 4500
005 20250605164336.0
008 250528s ||||||||||||||||||||||||d
035 _a23450
040 _aGR-AtMCL
_bgre
_dGR-AtMCL
_eAACR2
245 1 _aThe Expereince of Music Performance Anxiety Among Greek Female Singers./A Phenomenological Interpretative Analysis.
260 _c2016
300 _a36
520 _aIntroduction, Methods, Design, Participants, Data Collection, Data Analysis, Analysis, Discussion, Reflexivity, References.
700 1 _aAltanopoulos Fillipos
_99019
700 1 _aLouka Penelope
_99017
942 _cDS
999 _c8460
_d8460